Name the Separatist Council - Statistics

General Stats
  • This quiz has been taken 15 times
  • The average score is 5 of 10
Answer Stats
Answer % Correct
Nute Gunray
92%
Wat Tambor
83%
Passel Argente
67%
Poggle the Lesser
67%
Shu Mai
67%
San Hill
50%
Tikkes
42%
Aito Laff
8%
Po Nudu
8%
Rogwa Wodrata
8%
No matching quizzes found
Score Distribution
Percent of People with Each Score
Percentile by Number Answered
Your Score History
You have not taken this quiz